Fundamentals of Pathology (Record no. 104)

000 -LEADER
fixed length control field 00764nam a22002417a 4500
005 - DATE AND TIME OF LATEST TRANSACTION
control field 20210416052117.0
008 - FIXED-LENGTH DATA ELEMENTS--GENERAL INFORMATION
fixed length control field 201110s2018 ||||| |||| 00| 0 eng d
020 ## - INTERNATIONAL STANDARD BOOK NUMBER
International Standard Book Number 9780983224631
040 ## - CATALOGING SOURCE
Original cataloging agency eng
Transcribing agency DLC
041 ## - LANGUAGE CODE
Language code of text/sound track or separate title eng
080 ## - UNIVERSAL DECIMAL CLASSIFICATION NUMBER
Universal Decimal Classification number 616
Item number S-24
100 ## - MAIN ENTRY--PERSONAL NAME
9 (RLIN) 34
Personal name Sattar, A. Husain
245 ## - TITLE STATEMENT
Title Fundamentals of Pathology
Remainder of title : Medical Course and Step 1 Review 2018 Edition. Includes a subscription to online videos taught by Dr. Sattar
Statement of responsibility, etc. / by Pathoma LLC, Author Husain A. Sattar
260 ## - PUBLICATION, DISTRIBUTION, ETC.
Place of publication, distribution, etc. USA
Name of publisher, distributor, etc. Pathoma LLC
Date of publication, distribution, etc. 2018
300 ## - PHYSICAL DESCRIPTION
Extent 223 pages
365 ## - TRADE PRICE
Price amount 65 usd
650 #0 - SUBJECT ADDED ENTRY--TOPICAL TERM
9 (RLIN) 69
Topical term or geographic name entry element Medicine
650 #0 - SUBJECT ADDED ENTRY--TOPICAL TERM
9 (RLIN) 112
Topical term or geographic name entry element Pathology
653 ## - INDEX TERM--UNCONTROLLED
Uncontrolled term მედიცინა
653 ## - INDEX TERM--UNCONTROLLED
Uncontrolled term პათოლოგია
700 ## - ADDED ENTRY--PERSONAL NAME
9 (RLIN) 34
Personal name Sattar, A. Husain
942 ## - ADDED ENTRY ELEMENTS (KOHA)
Source of classification or shelving scheme
Koha item type Books
Holdings
Withdrawn status Lost status Source of classification or shelving scheme Damaged status Not for loan Permanent location Current location Date acquired Inventory number Total Checkouts Total Renewals Full call number Barcode Date last seen Date last checked out Price effective from Koha item type
          Ken Walker International University Ken Walker International University 11/10/2020 32 2 1 616 S-24 32 10/22/2025 10/22/2025 11/10/2020 Books
          Ken Walker International University Ken Walker International University 11/19/2020 983     616 S-24 983 12/02/2025   11/19/2020 Books

Powered by Koha